Elektrotroskové zváranie s ovplyvnením procesu tuhnutia zvarového kovu

Bibliographic Details
Main Author: Murgaš, Marián, 1945- (Author)
Format: Article
Language:Slovak
PhysicalDescription:Grafy 3. Sch. 2., lit. 8 zázn. v slov., češ.
Subjects:

MARC

LEADER 00000nab a2200000 a 4500
001 vtls000442363
003 SK-MaSNL
005 20260303171306.0
008 230223c1991 xo 0 slo
015 |a SNBRB19rr/mm-uuuuu 
035 |a CL0442493 
035 |a urn:nbn:sk:snk-ab6o3q 
035 |a (uuid)005e22f4-52e9-4dcd-84cc-5c0f601a6db8 
035 |a (urnnbn)urn:nbn:sk:snk:ar-005o5l 
035 |a (sysno)vtls000442363 
040 |a SNKBUCL  |b slo  |c SNKBUCL  |e AACR2 
041 0 |a slo 
044 |a xo  |c SK 
080 |a 621.791.793:536.421.4  |2 1981 
080 |a 536.421.4  |2 1981 
100 1 |a Murgaš, Marián,  |d 1945-  |4 aut  |9 212457 
245 1 0 |a Elektrotroskové zváranie s ovplyvnením procesu tuhnutia zvarového kovu  |c Marián Murgaš 
300 |b Grafy 3. Sch. 2., lit. 8 zázn. v slov., češ. 
650 0 7 |a elektrotroskové zváranie  |2 snkbucl  |9 100889 
650 0 7 |a kovy zvarové  |2 snkbucl  |9 919672 
655 7 |a články z novín a časopisov  |2 snkbucl  |9 267496 
773 0 |t Zváranie  |g Roč. 40, č. 10 (1991), s. 189-191 
850 |a Slovenská národná knižnica v Martine  |a MTA001 
852 |a SNK  |b KIS3GCP 
954 |a odborná, vedecká literatúra pôvodná (slovenská)  |2 lita 
958 |a OND 
958 |a NB 
958 |a RK 
958 |a EUIPO 
958 |a article 
992 |a RBX 
999 |c 2080681  |d 2082611